[Event "St Petersburg Korchnoi Memorial op"]
[Site "St Petersburg"]
[Date "2024.08.20"]
[Round "7"]
[White "Osoblivaya, Darya Ar"]
[Black "Matveev, Ivan A"]
[Result "0-1"]
[WhiteElo "1499"]
[BlackElo "1646"]
[PlyCount "110"]
[EventDate "2024.08.17"]
[EventType "swiss"]
[EventRounds "9"]
[EventCountry "RUS"]
[SourceTitle "EXT 2025"]
[Source "ChessBase"]
[SourceDate "2024.10.14"]
[SourceVersion "1"]
[SourceVersionDate "2024.10.14"]
[SourceQuality "1"]

1. d4 Nf6 2. c4 e6 3. g3 Bb4+ 4. Bd2 Qe7 5. Bg2 Nc6 6. Nf3 Bxd2+ 7. Qxd2 Ne4 8. Qc2 Qb4+ 9. Nc3 Nxc3 10. Qxc3 Qxc3+ 11. bxc3 Na5 12. Nd2 d6 13. e4 c5 14. 0-0 Rb8 15. f4 b6 16. Rfb1 Ke7 17. e5 dxe5 18. fxe5 Ba6 19. Bf1 Rhd8 20. Nb3 Nxc4 21. dxc5 bxc5 22. Nxc5 Rxb1 23. Rxb1 Nd2 24. Rb2 Bxf1 25. Rb7+ Ke8 26. Rxa7 Bc4 27. a4 Nf3+ 28. Kf2 Nxe5 29. a5 Nc6 30. Rc7 Nxa5 31. Ne4 Bd5 32. Ng5 f6 33. Nf3 Rd7 34. Rc5 Nb3 35. Rb5 Rb7 36. Rxb7 Bxb7 37. Ke3 Bxf3 38. Kxf3 Kd7 39. Ke4 Kd6 40. Kd3 Nc5+ 41. Kc4 Ne4 42. Kd4 Nxc3 43. Kxc3 f5 44. Kd4 e5+ 45. Ke3 g5 46. Kf3 Kd5 47. Ke3 e4 48. Ke2 f4 49. gxf4 gxf4 50. Kf2 Kd4 51. Ke2 f3+ 52. Kf2 Kd3 53. Ke1 e3 54. Kf1 Kd2 55. Kg1 Ke1 0-1

[Event "Chigorin Memorial 27th"]
[Site "St Petersburg"]
[Date "2019.10.11"]
[Round "7"]
[White "Golovchenko, Bogdan"]
[Black "Matveev, Ivan A"]
[Result "1-0"]
[WhiteElo "1824"]
[BlackElo "1674"]
[PlyCount "47"]
[EventDate "2019.10.05"]
[EventType "swiss"]
[EventRounds "9"]
[EventCountry "RUS"]
[SourceTitle "EXT 2021"]
[Source "ChessBase"]
[SourceDate "2020.10.23"]
[SourceVersion "1"]
[SourceVersionDate "2020.10.23"]
[SourceQuality "1"]

1. d4 d5 2. Bf4 Nf6 3. e3 e6 4. Bd3 c5 5. c3 Nc6 6. Nf3 Be7 7. Nbd2 0-0 8. Ne5 Bd6 9. Bg3 Qc7 10. f4 b6 11. Bf2 Bb7 12. g4 Ne7 13. Qf3 Nd7 14. g5 Nf5 15. Qg4 Bxe5 16. fxe5 g6 17. h4 c4 18. Bc2 b5 19. h5 Nb6 20. e4 dxe4 21. Bxe4 Nd5 22. Rh3 Rac8 23. Bg2 a5 24. Ne4 1-0

[Event "Chigorin Memorial 27th"]
[Site "St Petersburg"]
[Date "2019.10.07"]
[Round "3"]
[White "Volkov, Sergey"]
[Black "Matveev, Ivan A"]
[Result "1-0"]
[WhiteElo "2557"]
[BlackElo "1674"]
[PlyCount "48"]
[EventDate "2019.10.05"]
[EventType "swiss"]
[EventRounds "9"]
[EventCountry "RUS"]
[SourceTitle "EXT 2020"]
[Source "ChessBase"]
[SourceDate "2019.10.17"]
[SourceVersion "1"]
[SourceVersionDate "2019.10.17"]
[SourceQuality "1"]

1. d4 d5 2. c4 e6 3. Nc3 Nf6 4. Bg5 Be7 5. e3 c6 6. Nf3 Nbd7 7. Rc1 0-0 8. Qc2 b6 9. cxd5 exd5 10. Bd3 Bb7 11. 0-0 Re8 12. h3 h6 13. Bf4 Rc8 14. Qe2 Nb8 15. Rfd1 Bd6 16. Bxd6 Qxd6 17. Ne5 Nbd7 18. f4 Qc7 19. Rc2 c5 20. Bb5 c4 21. Qf3 a6 22. Bxd7 Nxd7 23. Nxd5 Qd6 24. Ne7+ Qxe7 1-0